00296nam a2200109Ia 4500003000400000008004100004040001600045082001600061245004500077260005300122300001100175GCL140319s9999 xx 000 0 eng d aGCL / cGCL04a658.575bRM10aManaging the development of new products a[S.N] : bMacmillan Publishing Company ، c1993 a255 PP